000 00848nam a2200241 a 4500
001 BRCA_4823
005 20190320204824.0
008 161209s1869----gw-#######---#000-0#ger-#
041 _ager
044 _agw
050 4 _aF1233.M39
_b.M45 2
_c1869
100 1 _aHellwald, von Friedrich
_d1842-1892.
_912228
245 1 0 _aMaximilian I. Kaiser von Mexico
_bSein Leben, Wirken und Sein tod nebst einem Abriss der Geschichte des Kaiserreichs
_cvon Friedrich von Hellwald.
260 _aWien, Alemania
_bWilhelm Braumüller
_c1869
300 _a2 v.
_c20 cm.
500 _aEstado físico: Encuadernación deteriorada
500 _aEjemplar igual a B193
500 _aD153
600 1 4 _aMaximiliano
_cEmperador de México
_d1832-1867
_94582
651 4 _aMéxico
_vHistoria
_xIntervención francesa
_y1861-1867
_912229
902 _aGFM
942 _2lcc
_cB
999 _c4519
_d4519